Λογισμός διαφορικών μορφών
Αποθηκεύτηκε σε:
| Κύριος συγγραφέας: | |
|---|---|
| Μορφή: | Βιβλίο |
| Γλώσσα: | Greek |
| Δημοσίευση: |
Θεσσαλονίκη :
Ζήτη,
1993.
|
| Έκδοση: | 2η έκδ. |
| Θέματα: | |
| Ετικέτες: |
Προσθήκη ετικέτας
Δεν υπάρχουν, Καταχωρήστε ετικέτα πρώτοι!
|
MARC
| LEADER | 00000cam a2200000 i 4500 | ||
|---|---|---|---|
| 001 | 1/50695 | ||
| 008 | 980803s1993 gr | ||| |||| ||gre|| | ||
| 020 | |a 9604312049 | ||
| 035 | |l 10043945 | ||
| 040 | |a GR-MyUA |b gre |e AACR2 | ||
| 041 | 0 | |a gre | |
| 082 | 0 | |a 516.363 | |
| 100 | 1 | |a Δημητροπούλου-Ψωμοπούλου, Δήμητρα. | |
| 245 | 1 | 0 | |a Λογισμός διαφορικών μορφών / |c Δήμητρας Δημητροπούλου - Ψωμοπούλου. |
| 250 | |a 2η έκδ. | ||
| 260 | |a Θεσσαλονίκη : |b Ζήτη, |c 1993. | ||
| 300 | |a 148 σ. ; |c 24 εκ. | ||
| 500 | |a Περιέχει βιβλιογραφικές αναφορές. | ||
| 650 | 0 | 0 | |a Differential forms. |
| 650 | 0 | 0 | |a Geometry, Differential. |
| 852 | |a INST |b SAMOS |e 19980803 |h 516.363 ΔΗΜ |p 005300010571 |q 005300010571 |t BK |y 0 | ||
| 901 | |a BIBL-1998-2 | ||
| 909 | |a Σ |b 055801 | ||
| 922 | |a 3ΕΛΗ |b 199804 |c ΚΠΣ |d EMVASIS | ||